ARRUPE JESUIT UNIVERSITY

CORONAVIRUS -STOP THE SPREAD - CLEAN,DISINFECT,COVER

The logic of decision (Record no. 123375)

MARC details
000 -LEADER
fixed length control field 00853cam a22002771 4500
001 - CONTROL NUMBER
control field 1186985
003 - CONTROL NUMBER IDENTIFIER
control field ARRUPE
005 - DATE AND TIME OF LATEST TRANSACTION
control field 20150910110909.0
008 - FIXED-LENGTH DATA ELEMENTS--GENERAL INFORMATION
fixed length control field 840725s1965 nyua b 000 0 eng c
010 ## - LIBRARY OF CONGRESS CONTROL NUMBER
LC control number 65025545 //r84
035 ## - SYSTEM CONTROL NUMBER
System control number (OCoLC)ocm01292950
035 ## - SYSTEM CONTROL NUMBER
System control number (NNC)1186985
040 ## - CATALOGING SOURCE
Original cataloging agency DLC/ICU
Transcribing agency CGU
Modifying agency m.c.
-- ZCU
050 0# - LIBRARY OF CONGRESS CALL NUMBER
Classification number QA279.5
Item number J43 1965
082 0# - DEWEY DECIMAL CLASSIFICATION NUMBER
Classification number 519
300 ## - PHYSICAL DESCRIPTION
Other physical details illus.
Dimensions 24 cm.
100 1# - MAIN ENTRY--PERSONAL NAME
Personal name Jeffrey, Richard C.
9 (RLIN) 11333
245 14 - TITLE STATEMENT
Title The logic of decision
Statement of responsibility, etc [by] R.C. Jeffery.
260 ## - PUBLICATION, DISTRIBUTION, ETC. (IMPRINT)
Place of publication, distribution, etc New York,
Name of publisher, distributor, etc McGraw-Hill
Date of publication, distribution, etc 1965
300 ## - PHYSICAL DESCRIPTION
Extent xiv, 201 p.
490 1# - SERIES STATEMENT
Series statement McGraw-Hill series in probability and statistics
504 ## - BIBLIOGRAPHY, ETC. NOTE
Bibliography, etc Bibliographical footnotes.
650 #0 - SUBJECT ADDED ENTRY--TOPICAL TERM
Topical term or geographic name as entry element Bavesion Statistical decision logic
9 (RLIN) 19745
830 #0 - SERIES ADDED ENTRY--UNIFORM TITLE
Uniform title McGraw-Hill series in probability and statistics.
9 (RLIN) 19746
942 ## - ADDED ENTRY ELEMENTS (KOHA)
Source of classification or shelving scheme Library of Congress Classification
Koha item type Monograph ( Printed materials)
Holdings
Withdrawn status Lost status Source of classification or shelving scheme Damaged status Not for loan Collection code Home library Current library Shelving location Date acquired Total Checkouts Full call number Barcode Checked out Date last seen Date checked out Price effective from Koha item type
    Library of Congress Classification     Main Collection ARRUPE LIBRARY ARRUPE LIBRARY Main Collection 10/09/2015 1 QA279.5J43 1965 46500004272 06/07/2018 22/06/2018 22/06/2018 10/09/2015 Monograph ( Printed materials)

 

Arrupe Library. PO Box MP320 Mt Pleasant, Harare, Zimbabwe
263 242 745411|librarian@aju.ac.zw